Vademecum: On Certain Points of Procedure in Treating Cases of Sexual Abuse of Minors Committed by Clerics
| Corporate Author: | |
|---|---|
| Format: | Print Article |
| Language: | English |
| Check availability: | HBZ Gateway |
| Interlibrary Loan: | Interlibrary Loan for the Fachinformationsdienste (Specialized Information Services in Germany) |
| Published: |
2020
|
| In: |
Roman Replies and CLSA Advisory Opinions 2020
Year: 2020, Pages: 67-98 |
| Standardized Subjects / Keyword chains: | B
Sexual abuse
/ Clergy
B Clergy / Sexual abuse / Process |
MARC
| LEADER | 00000caa a2200000 c 4500 | ||
|---|---|---|---|
| 001 | 1794890831 | ||
| 003 | DE-627 | ||
| 005 | 20220315134114.0 | ||
| 007 | tu | ||
| 008 | 220307s2020 xx ||||| 00| ||eng c | ||
| 020 | |a 9781932208566 | ||
| 035 | |a (DE-627)1794890831 | ||
| 035 | |a (DE-599)KXP1794890831 | ||
| 040 | |a DE-627 |b ger |c DE-627 |e rda | ||
| 041 | |a eng | ||
| 084 | |a 1 |2 ssgn | ||
| 110 | 2 | |e VerfasserIn |0 (DE-588)1024086-X |0 (DE-627)103545905 |0 (DE-576)191277053 |4 aut |a Katholische Kirche |b Kongregation für die Glaubenslehre | |
| 245 | 1 | 0 | |a Vademecum |b On Certain Points of Procedure in Treating Cases of Sexual Abuse of Minors Committed by Clerics |c Congregation for the Doctrine of the Faith |
| 264 | 1 | |c 2020 | |
| 336 | |a Text |b txt |2 rdacontent | ||
| 337 | |a ohne Hilfsmittel zu benutzen |b n |2 rdamedia | ||
| 338 | |a Band |b nc |2 rdacarrier | ||
| 689 | 0 | 0 | |d s |0 (DE-588)4126865-9 |0 (DE-627)105729094 |0 (DE-576)20958873X |2 gnd |a Sexueller Missbrauch |
| 689 | 0 | 1 | |d s |0 (DE-588)4031147-8 |0 (DE-627)106267086 |0 (DE-576)208990801 |2 gnd |a Klerus |
| 689 | 0 | |5 (DE-627) | |
| 689 | 1 | 0 | |d s |0 (DE-588)4031147-8 |0 (DE-627)106267086 |0 (DE-576)208990801 |2 gnd |a Klerus |
| 689 | 1 | 1 | |d s |0 (DE-588)4126865-9 |0 (DE-627)105729094 |0 (DE-576)20958873X |2 gnd |a Sexueller Missbrauch |
| 689 | 1 | 2 | |d s |0 (DE-588)4187669-6 |0 (DE-627)105270385 |0 (DE-576)210047313 |2 gnd |a Verfahren |
| 689 | 1 | |5 (DE-627) | |
| 773 | 0 | 8 | |i Enthalten in |t Roman Replies and CLSA Advisory Opinions 2020 |d 2020 |g (2020), Seite 67-98 |h 164 Seiten |w (DE-627)1794519319 |z 9781932208566 |
| 773 | 1 | 8 | |g year:2020 |g pages:67-98 |
| 935 | |a DAKR | ||
| 951 | |a AR | ||
| CAN | |a 1 | ||
| ELC | |b 1 | ||
| LOK | |0 000 xxxxxcx a22 zn 4500 | ||
| LOK | |0 001 408084963X | ||
| LOK | |0 003 DE-627 | ||
| LOK | |0 004 1794890831 | ||
| LOK | |0 005 20220728165451 | ||
| LOK | |0 008 220307||||||||||||||||ger||||||| | ||
| LOK | |0 040 |a DE-Tue135-3 |c DE-627 |d DE-Tue135-3 | ||
| LOK | |0 092 |o n | ||
| LOK | |0 852 |a DE-Tue135-3 | ||
| LOK | |0 852 1 |9 00 | ||
| LOK | |0 939 |a 07-03-22 |b l01 | ||
| ORI | |a SA-MARC-ixtheoa001.raw | ||
| STA | 0 | 0 | |a Clergy,Clergy,Catholic Church,Clergy in literature,Process,Sexual abuse,Sexual abuse |
| STB | 0 | 0 | |a Abus sexuel,Abus sexuel,Clergé,Clergé,Église catholique,Procédé,Procédure,Procédure |
| STC | 0 | 0 | |a Abuso sexual,Abuso sexual,Clero,Clero,Procedimiento |
| STD | 0 | 0 | |a Abuso sessuale,Abuso sessuale,Clero,Clero,Processo |
| STE | 0 | 0 | |a 圣职者,圣职者,圣职人员,神职人员,圣职人员,神职人员,性虐待,性虐待 |
| STF | 0 | 0 | |a 性虐待,性虐待,聖職者,聖職者,聖職人員,神職人員,聖職人員,神職人員 |
| STG | 0 | 0 | |a Abuso sexual,Abuso sexual,Clero,Clero,Procedimento |
| STH | 0 | 0 | |a Духовенство (мотив),Духовенство,Процесс,Сексуальное насилие (мотив),Сексуальное насилие |
| STI | 0 | 0 | |a Κλήρος (μοτίβο),Κλήρος,Νομική διαδικασία,Δίκη,Σεξουαλική κακοποίηση (μοτίβο),Σεξουαλική κακοποίηση |
| SUB | |a CAN | ||
| SYG | 0 | 0 | |a Sexuelle Ausbeutung , Katholische Geistlichkeit,Katholischer Klerus,Kleriker , Katholische Geistlichkeit,Katholischer Klerus,Kleriker , Sexuelle Ausbeutung |